The alchemy of happiness / (Record no. 17727)
[ view plain ]
| 000 -LEADER | |
|---|---|
| fixed length control field | 01226cam a2200325 a 4500 |
| 001 - CONTROL NUMBER | |
| control field | 4377574 |
| 003 - CONTROL NUMBER IDENTIFIER | |
| control field | BDDh-ASL |
| 005 - DATE AND TIME OF LATEST TRANSACTION | |
| control field | 20231015025630.0 |
| 008 - FIXED-LENGTH DATA ELEMENTS--GENERAL INFORMATION | |
| fixed length control field | 910212s1991 nyua b 000 0 eng |
| 010 ## - LIBRARY OF CONGRESS CONTROL NUMBER | |
| LC control number | 91009523 |
| 020 ## - INTERNATIONAL STANDARD BOOK NUMBER | |
| International Standard Book Number | 1563240041 (hard) |
| 020 ## - INTERNATIONAL STANDARD BOOK NUMBER | |
| International Standard Book Number | 156324005X (pbk.) |
| 040 ## - CATALOGING SOURCE | |
| Original cataloging agency | DLC |
| Transcribing agency | DLC |
| Modifying agency | BDDh-ASL |
| 041 1# - LANGUAGE CODE | |
| Language code of text/sound track or separate title | eng |
| Language code of original | per |
| 050 00 - LIBRARY OF CONGRESS CALL NUMBER | |
| Classification number | B753.G33 |
| Item number | K413 1991 |
| 082 00 - DEWEY DECIMAL CLASSIFICATION NUMBER | |
| Classification number | 297.5 |
| Edition number | 20 |
| Item number | GHA |
| 100 1# - MAIN ENTRY--PERSONAL NAME | |
| Personal name | Abu Hamid Muhammad al-Ghazzali |
| Dates associated with a name | 1058-1111. |
| 9 (RLIN) | 608 |
| 240 10 - UNIFORM TITLE | |
| Uniform title | Kīmiyā-yi saʻādat. |
| Form subheading | Selections. |
| Language of a work | English |
| 245 14 - TITLE STATEMENT | |
| Title | The alchemy of happiness / |
| Statement of responsibility, etc. | Abû Ḥamid Muḥammad al-Ghazzâlî; translated by Claud Field ; revised and annotated by Elton L. Daniel. |
| 260 ## - PUBLICATION, DISTRIBUTION, ETC. | |
| Place of publication, distribution, etc. | Armonk, N.Y. : |
| Name of publisher, distributor, etc. | M.E. Sharpe, |
| Date of publication, distribution, etc. | c1991. |
| 300 ## - PHYSICAL DESCRIPTION | |
| Extent | xliii, 112 p. : |
| Other physical details | ill. ; |
| Dimensions | 24 cm. |
| 440 #0 - SERIES STATEMENT/ADDED ENTRY--TITLE | |
| Title | Sources and studies in world history |
| 500 ## - GENERAL NOTE | |
| General note | Translations of: Kīmiyā-yi saʻādat. |
| 504 ## - BIBLIOGRAPHY, ETC. NOTE | |
| Bibliography, etc. note | Includes bibliographical references. |
| 650 #0 - SUBJECT ADDED ENTRY--TOPICAL TERM | |
| Topical term or geographic name entry element | Islamic ethics |
| General subdivision | Early works to 1800. |
| 700 1# - ADDED ENTRY--PERSONAL NAME | |
| Personal name | Field, Claud, |
| Dates associated with a name | 1863-1941. |
| 906 ## - LOCAL DATA ELEMENT F, LDF (RLIN) | |
| a | 7 |
| b | cbc |
| c | orignew |
| d | 1 |
| e | ocip |
| f | 19 |
| g | y-gencatlg |
| 942 ## - ADDED ENTRY ELEMENTS (KOHA) | |
| Source of classification or shelving scheme | Dewey Decimal Classification |
| Koha item type | Books |
| Withdrawn status | Lost status | Source of classification or shelving scheme | Damaged status | Not for loan | Collection code | Home library | Current library | Shelving location | Date acquired | Source of acquisition | Total Checkouts | Full call number | Barcode | Date last seen | Copy number | Price effective from | Koha item type | Public note |
|---|---|---|---|---|---|---|---|---|---|---|---|---|---|---|---|---|---|---|
| Dewey Decimal Classification | Not For Loan | Non-fiction | Asiatic Society Library | Asiatic Society Library | Ludden Collection | 09/07/2020 | Donated by Prof. David Ludden | 297.5 GHA | 100847 | 09/07/2020 | C-1 | 09/07/2020 | Books | RARE | ||||
| Dewey Decimal Classification | Non-fiction | Asiatic Society Library | Asiatic Society Library | General Stacks | 04/01/2021 | ASB Library Collections | 297.5 GHA | 108176 | 04/01/2021 | C-2 | 04/01/2021 | Books | RARE |